000 00700nam a2200181Ia 4500
008 100920s9999 xx 000 0 und d
082 _b85303
_a28 व 375 थ 91
100 _aचंपानेरकर मनोहर.
245 _aगणितातील कोडी आणि करामती.
260 _bजयदीप प्रकाशन, पुणे.
_c1991
300 _a31
_bसाधी
365 _b10
520 _aबा.वि.शालो.
630 _aगणितातील कोडी आणि करामती.
650 _aबा.वि.शालो.
730 _aगणितातील कोडी आणि करामती.
942 _cBOOK
999 _c725816
_d725813